000 00487nam a2200181Ia 4500
005 20250508162023.0
008 008 250505s9999 xx 000 0 eng d
037 _aTextual
040 _aFEDL
_beng
_cFEDL
041 _aeng
_2eng
084 _aF, DOS
_qFEDL
100 _aDostoyevsky Fyodor
245 0 _aIdiot : A novel in two books: Book two
260 _aMoscow
_bProgress Publishers
_c1977
300 _a354p.
942 _cTEXL
_hF, DOS
999 _c1373871
_d1373871